000
00254nam a2200097Ia 4500
001
706704
005
20250826162454.0
008
250824s9999 xx 000 0 und d
245
0
_a
SAHİHİ BUHARİ IV
_c
İMAM BUHARİ
260
_b
DİYANET İŞLERİ YAYINLARI
999
_c
706704
_d
706704